| Tag |
First Indicator |
Second Indicator |
Subfields |
| LEADER |
00000cam a2200000Ia 4500 |
| 001 |
in00002783769 |
| 005 |
20150922145108.0 |
| 008 |
121120s1972 ru b 000 0 rus d |
| 035 |
|
|
|a (OCoLC)ocn818795890
|
| 035 |
|
|
|a (OCoLC)818795890
|
| 040 |
|
|
|a TXA
|c TXA
|d UtOrBLW
|
| 043 |
|
|
|a e-fr---
|
| 049 |
|
|
|a TXAM
|
| 050 |
|
4 |
|a SB933.34
|b .K36 1972
|
| 100 |
1 |
|
|6 880-01
|a Kandybin, Nikolaĭ Vasilʹevich.
|
| 245 |
1 |
0 |
|6 880-02
|a Ispolʹzovanie mikroorganizmov v zashchite rasteniĭ ot vrednykh nasekomykh i gryzunov vo Frant︠s︡ii /
|c [Nikolaĭ Vasilʹevich Kandybin, Irina Aleksandrovna Stroeva].
|
| 264 |
|
1 |
|6 880-03
|a Moskva :
|b Vsesoi︠u︡znyĭ nauchno-issledovatelʹskiĭ institut informat︠s︡ii i tekhniko-ėkonomicheskikh issledovaniĭ po selʹskomu khozi︠a︡ĭstvu,
|c 1972.
|
| 300 |
|
|
|a 28 pages :
|b illustrations ;
|c 21 cm.
|
| 336 |
|
|
|a text
|b txt
|2 rdacontent
|
| 337 |
|
|
|a unmediated
|b n
|2 rdamedia
|
| 338 |
|
|
|a volume
|b nc
|2 rdacarrier
|
| 490 |
0 |
|
|6 880-04
|a Obzornai︠a︡ informat︠s︡ii︠a︡ ; no. 574
|
| 504 |
|
|
|a Includes bibliographical references (pages 27-[29]).
|
| 650 |
|
0 |
|a Plants
|x Disease and pest resistance
|z France.
|
| 650 |
|
0 |
|a Plant defenses
|z France.
|
| 650 |
|
0 |
|a Microorganisms.
|
| 700 |
1 |
|
|6 880-05
|a Stroeva, Irina Aleksandrovna.
|
| 880 |
1 |
|
|6 100-01
|a Кандыбин, Николай Васильевич.
|
| 880 |
1 |
0 |
|6 245-02
|a Использование микроорганизмов в защите растений от вредных насекомых и грызунов во Франции /
|c [Николай Васильевич Кандыбин, Ирина Александровна Строева].
|
| 880 |
|
|
|6 264-03
|a Москва :
|b Всесоюзный научно-исследовательский институт информации и технико-экономических исследований по сельскому хозяйству,
|c 1972.
|
| 880 |
0 |
|
|6 490-04
|a Обзорная информация ; no 574
|
| 880 |
1 |
|
|6 700-05
|a Строева, Ирина Александровна.
|
| 948 |
|
|
|a cataloged
|b h
|c 2012/11/20
|d o
|e tchubaryan
|f 2:58:26 pm
|
| 994 |
|
|
|a C0
|b TXA
|
| 999 |
|
|
|a MARS
|
| 999 |
f |
f |
|s 6266a25a-c636-3a07-a3a0-6707401235ed
|i e352455a-11ba-37d0-a660-85ceadd7352e
|t 0
|
| 952 |
f |
f |
|p ric
|a Texas A&M University
|b Rellis Campus
|c Joint Library Facility
|d Remote Storage
|t 0
|e SB933.34 .K36 1972
|h Library of Congress classification
|i unmediated -- volume
|m A14841593409
|
| 998 |
f |
f |
|a SB933.34 .K36 1972
|t 0
|l Remote Storage
|